01367nam a22003497a 4500003000500000005001700005008004100022010001000063011001000073035001000083040000900093090001000102100003900112245011800151260004000269300002900309502009800338590003700436590004100473590004100514590004100555590004200596650002900638650006300667650004200730650004200772901000700814942001000821949004200831999001700873952012700890CHAP20220329134006.0971013s1994 r 00010 d a13727 a14699 a18773 cCHAP aTesis00aMartínez Caballero, Juan.971879 aPlaneación regionalb: obtención de un patrón óptimo de cultivos para el DDR 002 Valles Centrales, Oaxaca aChapingo, Méx. :bEl autor,c1994 a84 h.b: ilus.e+ tablas aTesis (Ing. Agr. Esp. en Economía Agrícola) -- UACH. Depatamento de Economía Agrícola aALEPHb10c20130110lUCH01h1233 aBATCH-UPDb10c20130110lUCH01h1232 aBATCH-UPDb10c20130410lUCH01h0802 aBATCH-UPDb10c20130914lUCH01h1117 aCONVERSIONb10c20130109lUCH01h130914aCultivosxOaxaca.93030314aDistrito de Desarrollo Rural Valles Centrales, Oax.93282214aPlaneación regionalxOaxaca.98871814aPolítica agrícolazOaxaca.990388 aBK cTESIS bBCcTESd-43656eTS1h30254i18773si c13727d13727 00102local4051708TESISaBCbBCcPA_TESISd2019-12-31fTESISl0oTesisp-43656r2019-12-31 00:00:00w2019-12-31yTESIS